000 00368nam a2200169Ia 4500
003 0100
008 130303s9999 xx 000 0 und d
040 _cARRUPELIB
050 _aRA644.A25A344541991
100 _aReamer, Frederick G. (ed)
245 _aAids and Ethics
260 _aNY
260 _bColumbia UP
260 _C1991
300 _a317p
942 0 0 _02
999 _c19933
_d19933